| 000 | 00820nam a2200265 i 4500 | ||
|---|---|---|---|
| 003 | EG-GICUC | ||
| 005 | 20260122133306.0 | ||
| 008 | 260106s1931 us ||||fre||| 00| 0 eng d | ||
| 040 |
_aEG-GiCUC _beng _cEG-GiCUC _dEG-GiCUC _erda |
||
| 082 | 0 | 4 |
_221 _a332.103 _bMU . E |
| 092 | 0 | 4 | _221 |
| 099 | _aLaw1 13 REF 332.103 MU . E 1931 | ||
| 100 | 1 |
_aMunn,Glenn G. _eAuthor. |
|
| 245 | 1 | 0 |
_aEncyclopedia of Banking and Finance / _cBy Glenn G, Munn. |
| 264 | 1 |
_aNew York : _bThe Bankers Publishing Company, _c1913. |
|
| 300 |
_a765 pages ; _c24 cm |
||
| 336 |
_2rda content _atext |
||
| 337 |
_2rda media _aComputer |
||
| 338 |
_2rda carrier _aOnline Resource |
||
| 546 | _aText in English | ||
| 650 | 1 | 4 | _aBanks |
| 856 | 4 | 0 | _uhttps://fll.law.cu.edu.eg/fulltext/bks/B13-09312.pdf |
| 905 | _a67 | ||
| 942 |
_2ddc _cREF _e21 _n0 |
||
| 999 |
_c54764 _d54764 |
||